Aristoteles y el liceo
Enregistré dans:
| Auteur principal: | |
|---|---|
| Format: | Livre |
| Langue: | espagnol |
| Publié: |
Buenos Aires
EUDEBA
1968
|
| Édition: | 3a. ed |
| Collection: | Los Indispensables, 77
|
| Sujets: | |
| Tags: |
Ajouter un tag
Pas de tags, Soyez le premier à ajouter un tag!
|
MARC
| LEADER | 00000cam a2200000 a 4500 | ||
|---|---|---|---|
| 001 | UCY4751 | ||
| 003 | CL-VaPUC | ||
| 008 | 950328e19680000AG |||||||||||||||||spa|d | ||
| 082 | 0 | 4 | |a 185 |b BRU |2 21 |
| 100 | 0 | |a Brun, Jean |e author |9 333234 | |
| 245 | 1 | 0 | |a Aristoteles y el liceo |
| 250 | |a 3a. ed | ||
| 300 | |a 147 p | ||
| 942 | |c BK | ||
| 945 | |d 19950328 00:00:00 |a aalvarez | ||
| 260 | |a Buenos Aires |b EUDEBA |c 1968 | ||
| 600 | 0 | |a Aristóteles, |d 384 a.C.- 322 a.C. |9 194 | |
| 650 | 0 | |a Biografías |9 255210 | |
| 583 | |a last modification |c 20140120 04:23:54 |k Rodrigo Vera | ||
| 490 | 0 | |a Los Indispensables, 77 | |
| 999 | |c 232520 |d 232518 | ||
| 952 | |0 0 |1 0 |4 0 |6 185_000000000000000_BRU_1968 |7 0 |8 P |9 237177 |a BIBEDU |b BIBEDU |c BIBEDU_PB |d 2019-11-15 |i 3070468 |o 185 BRU 1968 |p 3070468 |r 2024-01-25 |w 2019-11-15 |y BK |k FIL | ||
| 952 | |0 0 |1 0 |4 0 |6 185_000000000000000_BRU_1968 |7 0 |8 P |9 237178 |a BIBEDU |b BIBEDU |c BIBEDU_PB |d 2019-11-15 |i 3070476 |o 185 BRU 1968 |p 3070476 |r 2024-01-25 |w 2019-11-15 |y BK |k FIL | ||
| 952 | |0 0 |1 0 |3 erb |4 0 |6 185_000000000000000_BRU_1968 |7 0 |8 A |9 237179 |a BIBTEO |b BIBTEO |i 5050189 |o 185 BRU 1968 |p 5050189 |r 2025-01-17 |w 2019-11-15 |y BK |z Catalogado en:20140124 |k ICR | ||